| 000 | 00552ntaaa2200193 4500 | ||
|---|---|---|---|
| 003 | 01 | ||
| 005 | 20251027202538.0 | ||
| 008 | 0714s1973 ag 01 | ||
| 040 |
_aAR-BaBN _bspa _cAR-BaBN _eaacr _dRIC |
||
| 082 | _a289.9100 W29 | ||
| 100 |
_aWatchtower Bible and Tract Society _923121 |
||
| 245 | _aEl Verbo ¿Quién es? Según Juan | ||
| 250 | _a1 ed. | ||
| 260 |
_aBrooklyn, N.Y. : _bWatchtower Bible and Tract Society, _cc1962 |
||
| 300 | _a62 p | ||
| 500 | _aPublicación de los Testigos de Jehová | ||
| 650 | _atestigos de Jehová | ||
| 942 | _cBK | ||
| 999 |
_c20480 _d20480 |
||